[Event "Tyrrelstown.com"]
[Site "SchemingMind.com"]
[Date "2006.04.07"]
[Round "-"]
[White "sansubari"]
[Black "thinkfirst29"]
[Result "0-1"]
[WhiteCountry "MAS"]
[BlackCountry "USA"]
[WhiteElo "1709"]
[WhiteRD "63"]
[BlackElo "1627"]
[BlackRD "70"]
[GameID "45708"]

1. d4 Nf6 2. Bf4 c5 3. dxc5 Qa5+ 4. c3 Qxc5 5. e3 e5 6. Bg3 Nc6 7. Nd2 a6 8. Qb3 b5 9. Be2 d6 10. a4 Na5
11. Qc2 b4 12. Rc1 bxc3 13. Qxc3 Qxc3 14. Rxc3 Bd7 15. b3 Rc8 16. Rxc8+ Bxc8 17. b4 Nb7 18. Bxa6 Kd7 19. Ngf3 Kc7 20. a5 Nd5
21. Bxb7 Bxb7 22. b5 Be7 23. O-O Ra8 24. a6 Bc8 25. Nc4 Kd8 26. Rc1 Bd7 27. Rb1 Nc3 28. Rb3 Nxb5 29. Nb6 Rxa6 30. h3 Rxb6
31. Nd2 Be6 32. Rb1 h5 33. Rb4 g5 34. Nc4 Bxc4 35. Rxc4 h4 36. Bh2 Nd4 37. g4 Nf3+ 38. Kg2 Nd2 39. Ra4 Kd7 40. Ra7+ Ke6
41. f4 gxf4 42. exf4 e4 43. f5+ Kf6 44. g5+ Kxf5 45. Rxe7 Nc4 46. Rxf7+ Kxg5 47. Bf4+ Kg6 48. Re7 Rb2+ 49. Kf1 d5 50. Rd7 e3
51. Rxd5 Rf2+ 52. Ke1 Rxf4 53. Rc5 Re4 54. Ke2 Nd6 55. Rd5 Nf5 56. Kf3 e2 57. Kxe4 e1=Q+ 58. Kd3 Qe3+ 59. Kc4 Qxh3 60. Kc5 Qc3+
61. Kb6 h3 62. Rd8 Qf6+ 63. Kc7 Qe7+ 64. Rd7 Qxd7+ 65. Kxd7 h2
0-1

[Event "Tyrrelstown.com"]
[Site "SchemingMind.com"]
[Date "2006.04.07"]
[Round "-"]
[White "sansubari"]
[Black "niallmcg"]
[Result "1-0"]
[WhiteCountry "MAS"]
[BlackCountry "IRL"]
[WhiteElo "1709"]
[WhiteRD "63"]
[BlackElo "1091"]
[BlackRD "101"]
[GameID "45709"]

1. d4 Nf6 2. Bf4 Nc6 3. c3 e6 4. Nf3 d5 5. e3 b6 6. Bb5 Bb7 7. Ne5 Bd6 8. Nxc6 Bxc6 9. Bxc6+ Kf8 10. Bxd6+ Qxd6
11. Bxa8 h5 12. Qa4 Ke7 13. Bb7 Rb8 14. Qxa7 Rd8 15. Qa3 c5 16. Qa4 Qc7 17. Qc6 Qb8 18. Ba6 Rd6 19. Qb5 c4 20. b3 g6
21. bxc4 Qc7 22. a4 dxc4 23. Qxc4 Qd7 24. Bb5 Qd8 25. Nd2 Rd5 26. Qb4+ Rc5 27. dxc5 bxc5 28. Qxc5+ Qd6 29. Qxd6+ Kxd6 30. a5 Nd7
31. Bxd7 Kxd7 32. a6
1-0

[Event "Tyrrelstown.com"]
[Site "SchemingMind.com"]
[Date "2006.04.07"]
[Round "-"]
[White "sansubari"]
[Black "Amergin"]
[Result "1-0"]
[WhiteCountry "MAS"]
[BlackCountry "IRL"]
[WhiteElo "1689"]
[WhiteRD "64"]
[BlackElo "1224"]
[BlackRD "112"]
[GameID "45711"]

1. d4 d5 2. Bf4 c5 3. e3 Nh6 4. dxc5 Qa5+ 5. c3 Qxc5 6. Nf3 Nc6 7. Nbd2 Bf5 8. Nb3 Qb6 9. h3 O-O-O 10. Nfd4 e5
11. Nxc6 bxc6 12. Bxe5 f6 13. Bf4 g5 14. Bh2 c5 15. Qe2 c4 16. Nd4 Rd7 17. Nxf5 Nxf5 18. Qc2 Nh4 19. Bg3 Bd6 20. Bxh4 gxh4
21. Be2 Rg8 22. Bg4 f5 23. Bxf5 Rxg2 24. Bxd7+ Kxd7 25. Qxh7+ Kc6 26. Qc2 Qd8 27. O-O-O Rg7 28. Qf5 Qg5 29. Rxd5 Qg2 30. Rhd1 Be7
31. Qe6+ Bd6 32. Rxd6+ Kb5 33. R1d5+ Ka4 34. Ra6#
1-0

[Event "Tyrrelstown.com"]
[Site "SchemingMind.com"]
[Date "2006.04.07"]
[Round "-"]
[White "sansubari"]
[Black "Tipperary"]
[Result "0-1"]
[WhiteCountry "MAS"]
[BlackCountry "IRL"]
[WhiteElo "1689"]
[WhiteRD "64"]
[BlackElo "1499"]
[BlackRD "118"]
[GameID "45712"]

1. d4 d5 2. Bf4 e6 3. Nf3 h6 4. h3 g5 5. Bg3 Nf6 6. Be5 Bg7 7. c3 Nh5 8. e3 a6 9. g4 Nf6 10. Nbd2 Qd7
11. Nb3 b6 12. Bd3 Rg8 13. Qc2 a5 14. a4 Ba6 15. Bh7 Rh8 16. Bd3 Nc6 17. Bg3 Rg8 18. Ne5 Bxd3 19. Qxd3 Nxe5 20. Bxe5 Ne4
21. Bxg7 Rxg7 22. Nd2 Rd8 23. Nxe4 dxe4 24. Qxe4 c5 25. Qd3 cxd4 26. Qxd4 Qb7 27. Qxg7 Qxh1+ 28. Ke2 Qxa1 29. Qxh6 Qd1#
0-1

[Event "Tyrrelstown.com"]
[Site "SchemingMind.com"]
[Date "2006.04.07"]
[Round "-"]
[White "sansubari"]
[Black "Joe Hayden"]
[Result "1-0"]
[WhiteCountry "MAS"]
[BlackCountry "IRL"]
[WhiteElo "1707"]
[WhiteRD "62"]
[BlackElo "1556"]
[BlackRD "95"]
[GameID "45713"]

1. d4 Nf6 2. Bf4 g6 3. Nf3 Bg7 4. c3 d5 5. e3 Nc6 6. Bb5 Bd7 7. Nbd2 a6 8. Bxc6 Bxc6 9. Ne5 Bd7 10. Nxd7 Qxd7
11. Be5 O-O 12. h3 e6 13. g4 Qb5 14. Qb3 Qxb3 15. Nxb3 c6 16. Nc5 b6 17. Bxf6 bxc5 18. Bxg7 Kxg7 19. dxc5 Rab8 20. b4 Ra8
21. Ke2 a5 22. a3 axb4 23. axb4 Rfd8 24. Kd3 Kf6 25. h4 g5 26. hxg5+ Kxg5 27. f3 h6 28. Kc2 f5 29. gxf5 exf5 30. Rag1+ Kf6
31. Rxh6+ Kf7 32. Rxc6 Ra2+ 33. Kd3 Rf2 34. f4 Ra8 35. Rd6 Raa2 36. Rxd5 Ke6 37. Kc4 Rfe2 38. Re5+ Kf6 39. Rg5 Rec2 40. Rexf5+ Ke6
41. Rd5 Ra3 42. Rge5+ Kf6 43. Rd3 Rc1 44. e4 Rf1 45. Rd6+ Kf7 46. f5 Rf3 47. Rd3 Rf1 48. Rd7+ Kf8 49. c6 Rf3 50. Rd3 Rf1
51. c7 Ra8 52. Rd8+ Rxd8 53. cxd8=Q+ Kf7 54. Re6 Rf3 55. Qd7+
1-0

[Event "Tyrrelstown.com"]
[Site "SchemingMind.com"]
[Date "2006.04.07"]
[Round "-"]
[White "sansubari"]
[Black "sorrochess"]
[Result "0-1"]
[WhiteCountry "MAS"]
[BlackCountry "INT"]
[WhiteElo "1695"]
[WhiteRD "66"]
[BlackElo "2024"]
[BlackRD "115"]
[GameID "45714"]

1. d4 Nf6 2. Bf4 d5 3. Nf3 e6 4. c3 c6 5. h3 Bd6 6. Bxd6 Qxd6 7. e3 O-O 8. Bd3 b6 9. O-O Ba6 10. Ng5 Bxd3
11. Qxd3 Nbd7 12. Nd2 e5 13. dxe5 Nxe5 14. Qc2 Rfe8 15. Rfd1 Rad8 16. Nde4 Nxe4 17. Nxe4 Qg6 18. f4 Nc4 19. Qe2 Rxe4 20. Rd3 Rde8
21. Re1 Nxe3 22. Qf3 Nxg2 23. Rxe4 dxe4
0-1

[Event "Tyrrelstown.com"]
[Site "SchemingMind.com"]
[Date "2006.04.07"]
[Round "-"]
[White "thinkfirst29"]
[Black "sansubari"]
[Result "1-0"]
[WhiteCountry "USA"]
[BlackCountry "MAS"]
[WhiteElo "1603"]
[WhiteRD "70"]
[BlackElo "1707"]
[BlackRD "62"]
[GameID "45715"]

1. e4 d5 2. exd5 Qxd5 3. Nc3 Qe5+ 4. Qe2 Qxe2+ 5. Bxe2 c6 6. Nf3 Bf5 7. d3 e6 8. Bf4 Nf6 9. O-O h6 10. a3 Nbd7
11. b4 Be7 12. Rfd1 g5 13. Bg3 Nh5 14. Nd4 Nxg3 15. hxg3 Bg6 16. f4 Nb6 17. Rf1 Bd6 18. Ne4 Be7 19. f5 exf5 20. Nxf5 Nd5
21. c4 Bxf5 22. Rxf5 Ne3 23. Nf6+ Bxf6 24. Rxf6 Nc2 25. Raf1 Rh7 26. Bg4 Ne3 27. Re1 Kf8 28. Rxe3 Re8 29. Kf2 h5 30. Bf5 Rg7
31. g4 Rxe3 32. Kxe3 Ke7 33. Rh6 h4 34. Kd4 f6 35. Kc5 Rf7 36. a4 Kf8 37. Kd6 a6 38. Rh8+ Kg7 39. Rh7+ Kf8 40. Rxf7+ Kxf7
41. Kc7 b5 42. a5 c5 43. cxb5 axb5 44. a6 cxb4 45. a7 b3 46. a8=Q b2 47. d4 b4 48. Qd5+ Kg7 49. Qd7+ Kf8 50. d5
1-0

[Event "Tyrrelstown.com"]
[Site "SchemingMind.com"]
[Date "2006.04.07"]
[Round "-"]
[White "niallmcg"]
[Black "sansubari"]
[Result "0-1"]
[WhiteCountry "IRL"]
[BlackCountry "MAS"]
[WhiteElo "1095"]
[WhiteRD "97"]
[BlackElo "1707"]
[BlackRD "62"]
[GameID "45716"]

1. Nf3 d5 2. Nc3 Bf5 3. Nd4 Bg6 4. e4 dxe4 5. Bb5+ c6 6. Bc4 Qxd4 7. d3 exd3 8. cxd3 e6 9. Be3 Qe5 10. d4 Qa5
11. Qa4 Qxa4 12. Nxa4 b5 13. Bb3 bxa4 14. Bxa4 Bb4+ 15. Kd1 Ne7 16. a3 Bd6 17. b4 O-O 18. f4 Nf5 19. g3 Nxe3+ 20. Ke1 Bc2
21. Bxc2 Nxc2+ 22. Kf1 Nxa1 23. Kg2 Nc2 24. h4 Nxa3 25. Kh2 Bxb4 26. Kh3 a5 27. Kh2 Rd8
0-1

[Event "Tyrrelstown.com"]
[Site "SchemingMind.com"]
[Date "2006.04.11"]
[Round "-"]
[White "Amergin"]
[Black "sansubari"]
[Result "0-1"]
[WhiteCountry "IRL"]
[BlackCountry "MAS"]
[WhiteElo "1224"]
[WhiteRD "112"]
[BlackElo "1689"]
[BlackRD "64"]
[GameID "45718"]

1. e4 d5 2. d3 dxe4 3. dxe4 Qxd1+ 4. Kxd1 c6 5. Bf4 Nf6 6. Nc3 h6 7. h4 Nh5 8. Nh3 Bxh3 9. Rxh3 Nxf4 10. Rf3 Ng6
11. Ke1 Nxh4 12. Rd3 e6 13. Rad1 Be7 14. g3 Ng6 15. f4 O-O 16. Bh3 Na6 17. f5 Ne5 18. R3d2 Nf3+ 19. Ke2 Nxd2 20. Rxd2 exf5
21. Bxf5 Bb4 22. e5 Nc5 23. a3 Bxc3 24. bxc3 Rfe8 25. g4 Rxe5+ 26. Kf3 g6 27. Bd3 Nxd3 28. Rxd3 Rd5 29. Re3 Kf8 30. c4 Rd4
31. c5 Rc4 32. c3 Rxc5 33. Ke2 Re8 34. Kf2 Rxe3 35. Kxe3 Rxc3+ 36. Ke4 f6 37. Kd4 Rxa3 38. Kc5 h5 39. gxh5 gxh5 40. Kd6 h4
41. Kc7 h3 42. Kxb7 h2 43. Kxc6 h1=Q+ 44. Kd6 Ra5 45. Ke6 Qe4+ 46. Kxf6 Qf5#
0-1

[Event "Tyrrelstown.com"]
[Site "SchemingMind.com"]
[Date "2006.04.20"]
[Round "-"]
[White "Tipperary"]
[Black "sansubari"]
[Result "0-1"]
[WhiteCountry "IRL"]
[BlackCountry "MAS"]
[WhiteElo "1542"]
[WhiteRD "82"]
[BlackElo "1707"]
[BlackRD "62"]
[GameID "45719"]

1. e3 d5 2. d4 Bf5 3. Bd3 Bg6 4. h4 e6 5. Nc3 Bb4 6. Nf3 Bh5 7. a3 Be7 8. Qd2 Bxf3 9. gxf3 Bxh4 10. Nb5 c6
11. Nd6+ Qxd6 12. Rxh4 h6 13. f4 Nd7 14. b3 Ngf6 15. a4 Qc7 16. f5 e5 17. Bb2 e4 18. Be2 g5 19. Rh1 g4 20. O-O-O h5
21. Qc3 a6 22. b4 Nb6 23. b5 Nxa4 24. Qb3 axb5 25. Bc3 Nxc3 26. Qxc3 Qd6 27. Kd2 Qa3 28. Ra1 Qxc3+ 29. Kxc3 Ra4 30. Kb3 Rxa1
31. Rxa1 Kd7 32. c3 h4 33. Rh1 h3 34. Kb4 h2 35. Kc5 Kc7 36. Kb4 b6 37. Bd1 Rh4 38. Be2 Kd8 39. Bd1 Nh5 40. Rxh2 Rxh2
41. Bxg4 Nf6 42. f3 Nxg4 43. fxg4 Rg2 44. f6 Rxg4 45. c4 bxc4 46. Ka3 Rg3 47. Kb2 Rxe3 48. Kc2 Rd3
0-1

[Event "Tyrrelstown.com"]
[Site "SchemingMind.com"]
[Date "2006.04.07"]
[Round "-"]
[White "Joe Hayden"]
[Black "sansubari"]
[Result "0-1"]
[WhiteCountry "IRL"]
[BlackCountry "MAS"]
[WhiteElo "1598"]
[WhiteRD "117"]
[BlackElo "1689"]
[BlackRD "64"]
[GameID "45720"]

1. e4 d5 2. e5 Bf5 3. d4 e6 4. Nf3 h6 5. Nc3 Nd7 6. Be2 c5 7. O-O c4 8. Bf4 a6 9. b3 Bb4 10. Bd2 b5
11. Nxb5 axb5 12. Bxb4 g5 13. bxc4 bxc4 14. Rb1 Rxa2 15. Bd6 Bxc2 16. Qc1 Bxb1 17. Qxb1 Qa8 18. Bd1 Ne7 19. Qb4 Nc6 20. Qb5 Ra6
21. Bc2 Rb6 22. Qa4 Qxa4 23. Bxa4 f5 24. exf6 Nxf6 25. Be5 Ke7 26. Ra1 Nxe5 27. Nxe5 Ra8 28. Ng6+ Kd6 29. f4 Rb4 30. Re1 Rbxa4
31. fxg5 hxg5 32. h4 gxh4 33. Nf4 Ra1 34. Kf2 Ne4+
0-1

[Event "Tyrrelstown.com"]
[Site "SchemingMind.com"]
[Date "2006.04.07"]
[Round "-"]
[White "sorrochess"]
[Black "sansubari"]
[Result "1-0"]
[WhiteCountry "INT"]
[BlackCountry "MAS"]
[WhiteElo "2024"]
[WhiteRD "115"]
[BlackElo "1695"]
[BlackRD "66"]
[GameID "45721"]

1. e4 d5 2. exd5 Qxd5 3. Nc3 Qe5+ 4. Be2 c6 5. Nf3 Qa5 6. O-O Bg4 7. d3 e6 8. Nd2 Bxe2 9. Qxe2 Nf6 10. Nc4 Qc7
11. Qf3 Nbd7 12. Bf4 Qd8 13. Rfe1 Be7 14. Nd6+ Bxd6 15. Bxd6 Nb6 16. Qg3 Nh5 17. Qe5 Nf6 18. a4 Nbd7 19. Qg5 g6 20. a5 h6
21. Rxe6+
1-0

[Event "Tyrrelstown.com"]
[Site "SchemingMind.com"]
[Date "2006.04.07"]
[Round "-"]
[White "fouche"]
[Black "thinkfirst29"]
[Result "0-1"]
[WhiteCountry "COL"]
[BlackCountry "USA"]
[WhiteElo "1650"]
[WhiteRD "62"]
[BlackElo "1577"]
[BlackRD "71"]
[GameID "45761"]

1. d4 d5 2. c4 dxc4 3. Nf3 e6 4. Nc3 Bb4 5. e4 Ne7 6. Bxc4 O-O 7. O-O c5 8. a3 cxd4 9. axb4 dxc3 10. bxc3 Nbc6
11. Bg5 f6 12. Bh4 Kh8 13. Qc2 Qc7 14. Bb3 b6 15. Rfd1 Ng6 16. Bg3 e5 17. Rd2 Bg4 18. Rad1 h5 19. h3 Bxf3 20. gxf3 Qc8
21. Rd7 Rd8 22. Qd3 Rxd7 23. Qxd7 Qxd7 24. Rxd7 a5 25. b5 Nce7 26. Bd5 Nxd5 27. exd5 a4 28. Rc7 a3 29. d6 Nf8 30. d7 Nxd7
31. Rxd7 a2 32. Rd1 a1=Q 33. Rxa1 Rxa1+ 34. Kg2 Rc1 35. f4 e4 36. f5 Rxc3 37. h4 Rb3 38. Kf1 Rxb5
0-1

[Event "Tyrrelstown.com"]
[Site "SchemingMind.com"]
[Date "2006.04.07"]
[Round "-"]
[White "fouche"]
[Black "niallmcg"]
[Result "1-0"]
[WhiteCountry "COL"]
[BlackCountry "IRL"]
[WhiteElo "1650"]
[WhiteRD "62"]
[BlackElo "1095"]
[BlackRD "98"]
[GameID "45762"]

1. e4 Nf6 2. e5 Ne4 3. d4 Nc6 4. Nf3 g6 5. Bd3 f5 6. exf6 exf6 7. Bxe4 Bb4+ 8. c3 Bd6 9. O-O b6 10. Bh6 a5
11. Re1 f5 12. Bxf5+ Ne7 13. Bd3 c5 14. Qe2 Ba6 15. c4 Rf8 16. Bxf8 Kxf8 17. Ng5 Nf5 18. dxc5 Bxc5 19. Nxh7+ Kg7 20. Bxf5 gxf5
21. Qh5 Kh8 22. Ng5+ Kg7 23. h4 Be7 24. Qf7+
1-0

[Event "Tyrrelstown.com"]
[Site "SchemingMind.com"]
[Date "2006.04.07"]
[Round "-"]
[White "fouche"]
[Black "sansubari"]
[Result "1-0"]
[WhiteCountry "COL"]
[BlackCountry "MAS"]
[WhiteElo "1650"]
[WhiteRD "62"]
[BlackElo "1689"]
[BlackRD "64"]
[GameID "45763"]

1. d4 d5 2. c4 dxc4 3. Nf3 Nc6 4. e4 Na5 5. Qa4+ Nc6 6. Bxc4 Bd7 7. Qd1 Bg4 8. d5 Ne5 9. Bb5+ c6 10. dxc6 Qxd1+
11. Kxd1 Bxf3+ 12. gxf3 Nxc6 13. Be3 a6 14. Bxc6+ bxc6 15. Nc3 e6 16. Ke2 Bb4 17. Rad1 Ne7 18. Rd3 Ng6 19. Rhd1 Ne5 20. R3d2 O-O
21. a3 Bxc3 22. bxc3 Nc4 23. Ra2 Rab8 24. Rd4 Nxe3 25. Kxe3 c5 26. Rd7 Rfc8 27. Ra7 Rc6 28. Rd2 g6 29. Rdd7 Rf8 30. a4 g5
31. c4 Kg7 32. a5 Kg6 33. f4 h6 34. fxg5 hxg5 35. f4 gxf4+ 36. Kxf4 Rb6 37. axb6 a5 38. b7 Rb8 39. Ra8
1-0

[Event "Tyrrelstown.com"]
[Site "SchemingMind.com"]
[Date "2006.04.07"]
[Round "-"]
[White "fouche"]
[Black "Jason Pomerantz"]
[Result "1-0"]
[WhiteCountry "COL"]
[BlackCountry "USA"]
[WhiteElo "1650"]
[WhiteRD "62"]
[BlackElo "1473"]
[BlackRD "81"]
[GameID "45764"]

1. d4 d5 2. c4 c6 3. Nc3 Nf6 4. Bg5 Bf5 5. Nf3 Nbd7 6. e3 e6 7. c5 b5 8. b4 h6 9. Bh4 a5 10. a3 Qc7
11. Bg3 Qa7 12. bxa5 Qxa5 13. Qd2 Be7 14. Be2 O-O 15. O-O g5 16. Be5 Ne4 17. Nxe4 Bxe4 18. Qxa5 Rxa5 19. Ra2 Bxf3 20. gxf3 Nxe5
21. dxe5 Bxc5 22. Rc1 Bxa3 23. Rxc6 b4 24. Bd1 Rb8 25. Bb3 Rbb5 26. Ra1 Rc5 27. Rd6 Rc1+ 28. Rxc1 Bxc1 29. Rb6 Bd2 30. Kf1 Ra3
31. Bd1 Bc3 32. f4 gxf4 33. exf4 Kg7 34. h4 d4 35. h5 d3 36. f3 d2 37. Ke2 Ra1 38. Rb7 Rb1 39. f5 exf5 40. e6 Kf8
41. e7+ Ke8 42. Ba4#
1-0

[Event "Tyrrelstown.com"]
[Site "SchemingMind.com"]
[Date "2006.04.07"]
[Round "-"]
[White "fouche"]
[Black "Amergin"]
[Result "1-0"]
[WhiteCountry "COL"]
[BlackCountry "IRL"]
[WhiteElo "1650"]
[WhiteRD "62"]
[BlackElo "1224"]
[BlackRD "112"]
[GameID "45765"]

1. e4 e5 2. f4 d6 3. Nf3 exf4 4. Bc4 Nf6 5. O-O Nxe4 6. Re1 d5 7. Bb3 Bc5+ 8. d4 Bb4 9. c3 Be7 10. Bxf4 O-O
11. Nbd2 Bf5 12. c4 c6 13. cxd5 cxd5 14. Rc1 Bb4 15. a3 Bxd2 16. Nxd2 Nxd2 17. Qxd2 Nc6 18. Rc5 Be6 19. Bc2 Qd7 20. Ba4 Rac8
21. Rec1 Qe7 22. Bxc6 bxc6 23. Rxc6 Qh4 24. Rxc8 Bxc8 25. Qf2 Qf6 26. Be5 Qg5 27. Qf4 Qxf4 28. Bxf4 Re8 29. Kf2 h6 30. Rc7 Kh7
31. Rxa7 g5 32. Be5 Kg6 33. Rc7 f6 34. Bd6 Bf5 35. b4 Re4 36. Bc5 Rf4+ 37. Ke2 Bg4+ 38. Ke3 Rf1 39. b5 Rg1 40. b6 Re1+
41. Kd2 Re2+ 42. Kc3 Re3+ 43. Kb4 Bd1 44. b7 Rb3+ 45. Ka5 h5 46. Bb4 Rb2 47. b8=Q Rxg2 48. Be1 Rg1 49. Qb1+
1-0

[Event "Tyrrelstown.com"]
[Site "SchemingMind.com"]
[Date "2006.04.07"]
[Round "-"]
[White "fouche"]
[Black "Tipperary"]
[Result "1-0"]
[WhiteCountry "COL"]
[BlackCountry "IRL"]
[WhiteElo "1634"]
[WhiteRD "77"]
[BlackElo "1310"]
[BlackRD "175"]
[GameID "45766"]

1. e4 e5 2. f4 exf4 3. Bc4 f5 4. exf5 d5 5. Qh5+ g6 6. fxg6 Qe7+ 7. Be2 hxg6 8. Qxg6+ Kd8 9. d4 Bh6 10. Nf3 Nc6
11. c4 Qf6 12. Qh5 Nb4 13. Na3 Qe7 14. O-O Qxe2 15. Re1 Nf6 16. Qf7 Qxg2+ 17. Kxg2 Rg8+ 18. Kh1 Nc6 19. Qxf6+ Kd7 20. cxd5 Re8
21. dxc6+ bxc6 22. Ne5+ Rxe5 23. Rxe5 c5 24. Qe6+
1-0

[Event "Tyrrelstown.com"]
[Site "SchemingMind.com"]
[Date "2006.04.07"]
[Round "-"]
[White "fouche"]
[Black "Joe Hayden"]
[Result "1-0"]
[WhiteCountry "COL"]
[BlackCountry "IRL"]
[WhiteElo "1634"]
[WhiteRD "77"]
[BlackElo "1572"]
[BlackRD "170"]
[GameID "45767"]

1. e4 e5 2. f4 exf4 3. Bc4 Nf6 4. Nc3 d6 5. d3 Bg4 6. Nf3 Nc6 7. Bxf4 Be7 8. O-O O-O 9. d4 Nh5 10. Qd2 Nxf4
11. Qxf4 Bd7 12. Rad1 Na5 13. Bd3 Bf6 14. e5 dxe5 15. dxe5 Be7 16. Nd5 Be6 17. Nxe7+ Qxe7 18. Bxh7+ Kxh7 19. Ng5+ Kg6 20. h4 Nc6
21. Qe4+ f5 22. exf6+ Kh6 23. Qh7#
1-0

[Event "Tyrrelstown.com"]
[Site "SchemingMind.com"]
[Date "2006.04.07"]
[Round "-"]
[White "fouche"]
[Black "sorrochess"]
[Result "0-1"]
[WhiteCountry "COL"]
[BlackCountry "INT"]
[WhiteElo "1634"]
[WhiteRD "77"]
[BlackElo "2024"]
[BlackRD "115"]
[GameID "45768"]

1. d4 Nf6 2. c4 c5 3. d5 b5 4. cxb5 a6 5. Nf3 g6 6. Nc3 axb5 7. Nxb5 Bg7 8. Nc3 Qa5 9. Bd2 O-O 10. e4 Ba6
11. Be2 Qb4 12. O-O Nxe4 13. Nxe4 Qxe4 14. Re1 Qxd5 15. Qc2 Bxe2 16. Rxe2 Nc6 17. a3 e5 18. Rd1 Nd4 19. Nxd4 exd4 20. b4 d3
21. Qxc5 dxe2
0-1

[Event "Tyrrelstown.com"]
[Site "SchemingMind.com"]
[Date "2006.04.07"]
[Round "-"]
[White "thinkfirst29"]
[Black "fouche"]
[Result "0-1"]
[WhiteCountry "USA"]
[BlackCountry "COL"]
[WhiteElo "1577"]
[WhiteRD "71"]
[BlackElo "1650"]
[BlackRD "62"]
[GameID "45769"]

1. e4 e5 2. Nf3 Nf6 3. Nc3 Nc6 4. Bc4 Bc5 5. O-O O-O 6. Nd5 d6 7. d3 Na5 8. b4 Nxc4 9. bxc5 Nxd5 10. exd5 Na5
11. Bd2 b6 12. cxd6 Qxd6 13. Bxa5 bxa5 14. c4 c5 15. Ng5 Qg6 16. h4 h6 17. Re1 hxg5 18. h5 Qf5 19. g4 Qxg4+ 20. Qxg4 Bxg4
21. Rxe5 f6 22. Re7 Rfe8 23. Rae1 Bxh5 24. d6 Rxe7 25. Rxe7 Kf8 26. Rc7 Rd8 27. Rxa7 Rxd6 28. Rxa5 Rxd3 29. Rxc5 Bf3 30. Rf5 g4
31. a4 Kf7 32. a5 g5 33. Rc5 Rd1+ 34. Kh2 Rh1+
0-1

[Event "Tyrrelstown.com"]
[Site "SchemingMind.com"]
[Date "2006.04.07"]
[Round "-"]
[White "niallmcg"]
[Black "fouche"]
[Result "0-1"]
[WhiteCountry "IRL"]
[BlackCountry "COL"]
[WhiteElo "1095"]
[WhiteRD "98"]
[BlackElo "1650"]
[BlackRD "62"]
[GameID "45770"]

1. b3 Nf6 2. Nf3 g6 3. d3 Bg7 4. g3 O-O 5. Bh3 Nc6 6. a4 d6 7. Nc3 Bxh3 8. Ng5 Qd7 9. e4 h6 10. Nf3 Ng4
11. Ba3 Bxc3+ 12. Nd2 f5 13. f3 Ne3 14. Qe2 Nxc2+ 15. Kf2 fxe4 16. Qxe4 N6d4 17. Qxb7 c6 18. Qxd7 Rxf3+ 19. Kg1 Ne2#
0-1

[Event "Tyrrelstown.com"]
[Site "SchemingMind.com"]
[Date "2006.04.07"]
[Round "-"]
[White "sansubari"]
[Black "fouche"]
[Result "1-0"]
[WhiteCountry "MAS"]
[BlackCountry "COL"]
[WhiteElo "1689"]
[WhiteRD "64"]
[BlackElo "1650"]
[BlackRD "62"]
[GameID "45771"]

1. d4 Nf6 2. Bf4 c5 3. dxc5 Nc6 4. Nf3 g6 5. c3 a5 6. Ne5 Bg7 7. Nxc6 bxc6 8. Nd2 O-O 9. e3 Nd5 10. Bg3 Ba6
11. Bc4 e5 12. Qf3 Nc7 13. O-O Kh8 14. a3 d5 15. cxd6 Qxd6 16. Rfd1 f5 17. Bxa6 Rxa6 18. Nc4 Qc5 19. Qe2 Raa8 20. Rd2 Rfd8
21. Rad1 Rxd2 22. Rxd2 Re8 23. Nd6 Re7 24. Nb7 Qb5 25. Qxb5 cxb5 26. Nxa5 f4 27. Bh4 Rf7 28. Rd8+ Rf8 29. Rxf8+ Bxf8 30. Bf6+ Bg7
31. Bxg7+ Kxg7 32. exf4 exf4 33. Nc6 Kf6 34. Nd4 Ke5 35. f3 Kd5 36. b3 h5 37. Kf2 g5 38. h3 h4 39. Ke2 Kc5 40. Kd3 Nd5
41. Ne6+
1-0

[Event "Tyrrelstown.com"]
[Site "SchemingMind.com"]
[Date "2006.04.07"]
[Round "-"]
[White "Jason Pomerantz"]
[Black "fouche"]
[Result "0-1"]
[WhiteCountry "USA"]
[BlackCountry "COL"]
[WhiteElo "1473"]
[WhiteRD "81"]
[BlackElo "1650"]
[BlackRD "62"]
[GameID "45772"]

1. e4 e5 2. Nf3 Nf6 3. Nxe5 d6 4. Nf3 Bg4 5. Nc3 Be7 6. Bc4 O-O 7. h3 Bxf3 8. Qxf3 Nbd7 9. d4 c5 10. Be3 cxd4
11. Bxd4 Ne5 12. Qe2 a6 13. O-O-O Qa5 14. Bxe5 dxe5 15. g4 h6 16. a3 b5 17. Bd5 Rad8 18. Rd3 Qb6 19. Rhd1 a5 20. R1d2 b4
21. Na4 Qb5 22. Bb3 bxa3 23. Rxd8 Qxe2 24. Rxe2 Rxd8 25. bxa3 Bxa3+ 26. Kb1 Rd4 27. Ka2 Be7 28. f3 Nd7 29. c3 Rd3 30. Rf2 Nc5
31. Nxc5 Bxc5 32. Rf1 Rxc3 33. f4 Rxh3 34. fxe5 Rh2+ 35. Kb1 Rf2 36. Rc1 Bd4 37. Bxf7+ Kxf7 38. Rc7+ Ke6 39. Ra7 Bxa7 40. Kc1 Kxe5
41. Kd1 Kxe4 42. Ke1 Ke3 43. Kd1 Bc5
0-1

[Event "Tyrrelstown.com"]
[Site "SchemingMind.com"]
[Date "2006.04.10"]
[Round "-"]
[White "Amergin"]
[Black "fouche"]
[Result "0-1"]
[WhiteCountry "IRL"]
[BlackCountry "COL"]
[WhiteElo "1224"]
[WhiteRD "112"]
[BlackElo "1650"]
[BlackRD "62"]
[GameID "45773"]

1. g3 Nf6 2. Bg2 g6 3. b3 Bg7 4. Bb2 O-O 5. Nf3 d6 6. O-O Nbd7 7. d4 c6 8. c4 Qc7 9. Nh4 d5 10. Nc3 Nb6
11. e4 e5 12. f4 Bg4 13. Bf3 Bxf3 14. Nxf3 exd4 15. Qxd4 Nxe4 16. Ne5 c5 17. Qd3 Nxc3 18. Bxc3 d4 19. Ba5 Bxe5 20. fxe5 Qxe5
21. Rae1 Qd6 22. a3 Rfe8 23. b4 Nd7 24. Re2 b6 25. bxc5 Nxc5 26. Qd2 bxa5 27. Qb2 d3 28. Rd2 Ne4 29. Rdd1 Qc5+ 30. Kg2 Rad8
31. Rf4 d2 32. Qb7 Qe3 33. Qxf7+ Kh8 34. Rff1 Qe2+ 35. Kh3 Ng5+ 36. Kh4 Qh5#
0-1

[Event "Tyrrelstown.com"]
[Site "SchemingMind.com"]
[Date "2006.04.19"]
[Round "-"]
[White "Tipperary"]
[Black "fouche"]
[Result "0-1"]
[WhiteCountry "IRL"]
[BlackCountry "COL"]
[WhiteElo "1310"]
[WhiteRD "175"]
[BlackElo "1634"]
[BlackRD "77"]
[GameID "45774"]

1. e4 e5 2. c3 Nf6 3. Bd3 Bc5 4. b4 Bb6 5. f3 O-O 6. a4 a6 7. Ba3 Re8 8. f4 d5 9. fxe5 Rxe5 10. Be2 Rxe4
11. g3 Qe8 12. h3 Nh5 13. Rh2 Nxg3 14. d4 Nd7 15. Ra2 Nf6 16. Qd3 Nxe2 17. Raxe2 Bf5 18. Qd1 Qd7 19. Nd2 Rxe2+ 20. Rxe2 Re8
21. Rxe8+ Qxe8+ 22. Ne2 Bxh3 23. Nf1 Bg4 24. Ng3 Ne4 25. Nxe4 Qxe4 26. Kd2 h5 27. Qf1 h4 28. Nf4 g5 29. Nh5 Bxh5 30. Bb2 f5
31. Qg1 Qe2+ 32. Kc1 Bg4 33. Kb1 Qd1+ 34. Qxd1 Bxd1 35. a5 Ba7 36. Kc1 h3
0-1

[Event "Tyrrelstown.com"]
[Site "SchemingMind.com"]
[Date "2006.04.07"]
[Round "-"]
[White "Joe Hayden"]
[Black "fouche"]
[Result "0-1"]
[WhiteCountry "IRL"]
[BlackCountry "COL"]
[WhiteElo "1598"]
[WhiteRD "117"]
[BlackElo "1650"]
[BlackRD "62"]
[GameID "45775"]

1. e4 e5 2. Nf3 Nf6 3. Nxe5 d6 4. Nf3 Be7 5. Nc3 Bg4 6. Be2 O-O 7. O-O Nbd7 8. h3 Bh5 9. e5 dxe5 10. d3 c6
11. Bg5 Nd5 12. Nxd5 cxd5 13. Bxe7 Qxe7 14. Re1 Rae8 15. Nd4 Bxe2 16. Rxe2 Qh4 17. Nf5 Qg5 18. Nd6 Rb8 19. d4 e4 20. Re3 Qf6
21. Nb5 a6 22. Nc3 Nb6 23. Qg4 Rbd8 24. Qh5 Qg6 25. Qxg6 hxg6 26. Rg3 Rfe8 27. a4 Nc4 28. b3 Nb6 29. a5 Nc8 30. Rg5 f5
31. Rxg6 Kf7 32. Rg5 Kf6 33. h4 g6 34. Ra4 e3 35. fxe3 Rxe3 36. Na2 Nd6 37. Kf2 Rde8 38. Nb4 Re2+ 39. Kg1 Re1+ 40. Kh2 Ne4
41. Nxd5+ Kf7 42. Nc7 Rc8 43. Rc4 Nxg5 44. hxg5 f4 45. d5 Rh8#
0-1

[Event "Tyrrelstown.com"]
[Site "SchemingMind.com"]
[Date "2006.04.07"]
[Round "-"]
[White "sorrochess"]
[Black "fouche"]
[Result "1-0"]
[WhiteCountry "INT"]
[BlackCountry "COL"]
[WhiteElo "2024"]
[WhiteRD "115"]
[BlackElo "1634"]
[BlackRD "77"]
[GameID "45776"]

1. e4 e5 2. Nc3 Nf6 3. Nf3 Nc6 4. Bb5 d6 5. d4 exd4 6. Nxd4 Bd7 7. O-O Be7 8. Bxc6 bxc6 9. Qf3 O-O 10. e5 dxe5
11. Nxc6 Bxc6 12. Qxc6 Qd6 13. Qf3 Rad8 14. Be3 Qe6 15. Rad1 Rd6 16. Rxd6 cxd6 17. Qb7 a5 18. Rd1 d5 19. Nxd5 Bb4 20. a3 Nxd5
21. Qxd5 Qc8 22. axb4 axb4 23. Bc5 Re8 24. Ra1 b3 25. c4 e4 26. Ra7
1-0